000 00973nam a2200205Ia 4500
001 9335
003 GE_BSU
008 181216s||||||||xx |||||||||||||| ||und||
040 _cGE_BSU
080 _a821.353.1-1+821.353.1-32
245 _aXIX საუკუნის [ქართული] მწერლობა
245 _cკრებული შეადგ.,წინასიტყვ.,შენიშვნ. და ლექსიკონი დაურთო ნოდარ ალანიამ. რედ. მ. ზუბადალაშვილი.მხატვ.ი.დივნოგორცევა–გრიგოლია
260 _aთბილისი
260 _bნაკადული
260 _c1979
300 _a312გვ.20სმ.
520 _aშენიშვნ.გვ.291-307 ლექსიკონი
653 _aXIX საუკუნის [ქართული] მწერლობა
942 _cBK
999 _c42631
_d42631